000 00382nam a2200157 i 4500
001 bg
100 1 _aBIZAM, Gyorgy
245 0 _aGry i logika :
_b85 zadaƄ /
_cGyorgy Bizam, Jonas Herczeg.
260 _aWarszawa,
_c1975.
700 1 _aHERCZEG, Jonas
040 _cBPK
041 _apol
080 _a793.4/.7:519.83
942 _cKS
008 s pl f |000 0 pol
999 _c26854
_d26854
856 _uhttp://koha.tu.koszalin.pl/cgi-bin/koha/opac-detail.pl?biblionumber=26854
_yKatalog online BPK